000 00614nam a2200193Ia 4500
003 GCL
008 140319s9999 xx 000 0 ara d
040 _aGCL /
_cGCL
082 0 4 _a621.3211
_bع ت
100 1 _aعلى رفعت حمدى
245 1 0 _aالتمديدات الكهربائية فى المبانى وهندسة الاضاءة /
_cعلى رفعت حمدى
260 _a[S.N] :
_bدار الراتب الجامعية ،
_c1987
300 _a178 ص
490 _a
650 0 4 _aالهندسة
650 0 4 _aهندسة البيئة
650 0 4 _aالهندسة الكهربية
942 _2ddc
_cBK
999 _c48315
_d48315